Normal view MARC view

Entry Topical Term

Number of records used in: 9

001 - CONTROL NUMBER

  • control field: 19

003 - CONTROL NUMBER IDENTIFIER

  • control field: OSt

005 - DATE AND TIME OF LATEST TRANSACTION

  • control field: 20140507162047.0

008 - FIXED-LENGTH DATA ELEMENTS

  • fixed length control field: 090820 a aaaaaaaaa a ana

040 ## - CATALOGING SOURCE

  • Original cataloging agency: OSt
  • Transcribing agency: OSt

150 ## - HEADING--TOPICAL TERM

  • Topical term or geographic name entry element: Perl (Computer program language)

550 ## - SEE ALSO FROM TRACING--TOPICAL TERM

  • Topical term or geographic name entry element: Scripting languages (Computer science)
  • Control subfield: g

670 ## - SOURCE DATA FOUND

  • Source citation: Work cat.: (OSt)12: Descartes, Alligator. 34, Programming the Perl DBI /, 2000.